2017年に新設/改称/廃止された駅 - Statistics

General Stats
  • This quiz has been taken 14 times
  • The average score is 10 of 25
Answer Stats
事業者 駅名 種類 % Correct
東武鉄道 松原団地→獨協大学前<草加松原> 改称
64%
えちぜん鉄道 太郎丸→太郎丸エンゼルランド 改称
55%
西春江→西春江ハートピア 改称
55%
東武鉄道 東武ワールドスクウェア 新設
55%
東山 廃止
45%
あき亀山 新設
45%
西長田→西長田ゆりの里 改称
45%
下兵庫→下兵庫こうふく 改称
45%
秩父鉄道 ソシオ流通センター 新設
45%
岡山電気軌道 東山→東山・おかでんミュージアム駅 改称
45%
西武鉄道 安比奈 廃止
45%
五十石 廃止
36%
姫川 廃止
36%
桂川 廃止
36%
蕨岱 廃止
36%
北豊津 廃止
36%
JR西日本 河戸帆待川 新設
36%
三陸鉄道 十府ヶ浦海岸 新設
36%
JR北海道 稲士別 廃止
27%
美々 廃止
27%
島ノ下 廃止
27%
上厚内 廃止
27%
寺家 新設
27%
JR東日本 郡山富田 新設
27%
神奈川臨海鉄道 水江町 廃止
18%
No matching quizzes found
Score Distribution
Percent of People with Each Score
Percentile by Number Answered
Your Score History
You have not taken this quiz